000 00761cam a22002413a 4500
001 20472
003 PGUSA
005 20140828083431.0
008 070128s2007||||xxu|||||s|||||000 1 eng d
040 _aPGUSA
_beng
042 _adc
050 4 _aPZ
100 1 _aChase, Josephine,
_d-1931
245 1 0 _aGrace Harlowe's Plebe Year at High School :
_bThe Merry Doings of the Oakdale Freshmen Girls
_h[electronic resource] /
_cJosephine Chase
260 _bProject Gutenberg,
_c2007
506 _aPublic domain in the USA.
516 _aElectronic text
653 _aSchools -- Juvenile fiction
653 _aHigh school students -- Juvenile fiction
830 0 _aProject Gutenberg
_v20472
856 4 0 _uhttp://www.gutenberg.org/ebooks/20472
942 _cEB
999 _c249727
_d249727